Reflexiones sobre la universidad (Record no. 112674)
[ view plain ]
| 000 -LEADER | |
|---|---|
| campo de control de longitud fija | 00546nam a2200157 4500 |
| 001 - NÚMERO DE CONTROL | |
| campo de control | 112674 |
| 003 - IDENTIFICADOR DE NÚMERO DE CONTROL | |
| campo de control | ES-MaACL |
| 005 - FECHA Y HORA DE LA ÚLTIMA TRANSACCIÓN | |
| campo de control | 20230906185606.0 |
| 007 - CAMPO FIJO DE DESCRIPCIÓN FÍSICA--INFORMACIÓN GENERAL | |
| campo de control de longitud fija | t| |
| 008 - DATOS DE LONGITUD FIJA--INFORMACIÓN GENERAL | |
| campo de control de longitud fija | 061121s1973 sp r ||||1| spa d |
| 100 1# - ENTRADA PRINCIPAL--NOMBRE DE PERSONA | |
| Nombre de persona | Nieto Gallo, Gratiniano. |
| 9 (RLIN) | 85689 |
| 245 10 - MENCIÓN DEL TÍTULO | |
| Título | Reflexiones sobre la universidad |
| Resto del título | : discurso en la toma de posesión del Rectorado de la Universidad Autónoma de Madrid / |
| Mención de responsabilidad, etc. | Gratiniano Nieto Gallo. |
| 260 ## - PUBLICACIÓN, DISTRIBUCIÓN, ETC. | |
| Lugar de publicación, distribución, etc. | Madrid : |
| Nombre del editor, distribuidor, etc. | [s.n.], |
| Fecha de publicación, distribución, etc. | 1973 ( |
| Fabricante | Imp. Bética) |
| 300 ## - DESCRIPCIÓN FÍSICA | |
| Extensión | 27 p. ; |
| Dimensiones | 20 cm. |
| 852 ## - LOCALIZACIÓN | |
| Ubicación | ES-MaACL |
| Número de control de estantería | 2082-F-16 |
| Sublocalización o colección | R.87541 |
| Estatus retirado | Estado de pérdida | Estado de daño | No para préstamo | Colección | Biblioteca de origen | Biblioteca actual | Ubicación en estantería | Fecha de adquisición | Fuente de adquisición | Total de préstamos | Signatura topográfica completa | Código de barras | Visto por última vez | Precio de reemplazo | Tipo de ítem Koha |
|---|---|---|---|---|---|---|---|---|---|---|---|---|---|---|---|
| Colección de folletos | Biblioteca del Ateneo de Madrid | Biblioteca del Ateneo de Madrid | Depósito folletos | 17/01/2008 | 2082-F-16 | 1117531 | 23/02/2023 | 23/02/2023 | Folleto |
